| 000 | 00695nam a22002297a 4500 | ||
|---|---|---|---|
| 999 |
_c3283 _d3283 |
||
| 001 | 4326 | ||
| 003 | BD-DhUAP | ||
| 005 | 20200303125338.0 | ||
| 008 | 200303s1992 nyua|||| |||| 001 0 eng d | ||
| 020 | _a069713945X | ||
| 040 |
_aBD-DhUAP _bEng _cBD-DhUAP _dBD-DhUAP |
||
| 082 |
_223 _a745.4 PIP |
||
| 100 | _aPipes, Alan. | ||
| 245 |
_aDrawing for 3-dimensional design : _bconcepts, illustration, presentation / _cAlan Pipes. |
||
| 260 |
_aDuberque, Iowa : _bWilliam C. Brown, _cc1993. |
||
| 300 |
_a176 pages : _billustrations ; _c30 cm. |
||
| 500 | _aInclude index. | ||
| 650 | _aMechanical drawing. | ||
| 650 | _aComputer graphics. | ||
| 650 | _aComputer-aided design. | ||
| 942 |
_2ddc _cBK |
||